Übungsbuch Makroökonomik

Salvato in:
Dettagli Bibliografici
Autore principale: Felderer, Bernhard
Altri autori: Homburg, Stefan
Natura: Libro
Lingua:tedesco
Pubblicazione: Berlin Springer 1989
Edizione:1. Aufl.
Tags: Aggiungi Tag
Nessun Tag, puoi essere il primo ad aggiungerne!!

MARC

LEADER 00000nam a2200000 4500
001 c039543
005 20260129135820.2
041 0 |a ger 
044 |a DE 
245 1 0 |a Übungsbuch Makroökonomik  |c Bernhard Felderer, Stefan Homburg 
250 |a 1. Aufl. 
264 1 |a Berlin  |b Springer  |c 1989 
300 |a 158 s. 
100 1 |a Felderer, Bernhard 
700 1 |a Homburg, Stefan